000 00479nam a2200181Ia 4500
008 090123s9999 xx 000 0 und d
082 _b668
100 _aगोखले अरविंद
245 _aवेगळी
250 _a1
260 _bटेकाडे मं.
300 _a152
600 _aगोखले अरविंद
630 _aवेगळी
700 _aगोखले अरविंद
730 _aवेगळी
942 _cBOOK
999 _c38755
_d38755